000 01341nam a2200313 a 4500
001 27265
003 UkOxU
005 20211209051131.0
008 140324s1974 ja a 000 0 jpn d
035 _a(BD-RjUL)27337
040 _aIUA
_cIUA
_dNOC
_dOCL
_dBD-RjUL
_beng
041 0 _ajpneng
082 _a 495.6642
_bKAM Pt-2 1974
090 _aPL539.15.H5
_bK36 1974
245 0 0 _aKamakura /
_cedited by the Staff of the Inter-University Center for Japanese Language Studies in Tokyo.
_nPart Two
260 _aTokyo :
_bUniversity of Tokyo Press,
_c1974.
300 _a123p. :
_bill. ;
_c27 cm.
490 1 _aReadings in Japanese history series ;
_v2
500 _aReadings selected from vols. 5 and 6 of the Nihon rekishi shirīzu and from the one-volume Shin Nihon shi no ningenzō.
500 _aVol. 1 has introd. in English, text in Japanese; v. 2 is the vocabulary annotation for the text in v. 1 and is in English and Japanese.
650 0 _aJapanese language
_xReaders
_xHistory.
_928429
651 0 _aJapan
_xHistory
_yKamakura period, 1185-1333.
_981361
830 0 _v2
_983676
710 2 0 _aInter-university Center for Japanese Language Studies.
_928435
730 0 _aNihon rekishi shirīzu
_983677
730 0 _aShin Nihon shi no ningenzō.
_983678
830 0 _aReadings in Japanese history series ;
_983679
942 _2ddc
_cBK
999 _c27265
_d27265